The analysis of household surveys : (Record no. 3658)

000 -LEADER
fixed length control field 01475cam a2200313 a 4500
001 - CONTROL NUMBER
control field 1178983
003 - CONTROL NUMBER IDENTIFIER
control field Nust
005 - DATE AND TIME OF LATEST TRANSACTION
control field 20180117090011.0
008 - FIXED-LENGTH DATA ELEMENTS--GENERAL INFORMATION
fixed length control field 970213s1997 mdua b 001 0 eng
010 ## - LIBRARY OF CONGRESS CONTROL NUMBER
LC control number 97002905
020 ## - INTERNATIONAL STANDARD BOOK NUMBER
International Standard Book Number 0801852544
040 ## - CATALOGING SOURCE
Original cataloging agency DLC
Transcribing agency DLC
Modifying agency DLC
043 ## - GEOGRAPHIC AREA CODE
Geographic area code d------
050 00 - LIBRARY OF CONGRESS CALL NUMBER
Classification number HB849.49
Item number .D43 1997
082 00 - DEWEY DECIMAL CLASSIFICATION NUMBER
Classification number 339.4/07/23
Edition number 21
100 1# - MAIN ENTRY--PERSONAL NAME
Personal name Deaton, Angus.
245 14 - TITLE STATEMENT
Title The analysis of household surveys :
Remainder of title a microeconometric approach to development policy /
Statement of responsibility, etc. Angus Deaton.
260 ## - PUBLICATION, DISTRIBUTION, ETC.
Place of publication, distribution, etc. Baltimore, MD :
Name of publisher, distributor, etc. Published for the World Bank [by] Johns Hopkins University Press,
Date of publication, distribution, etc. c1997.
300 ## - PHYSICAL DESCRIPTION
Extent viii, 479 p. :
Other physical details ill. ;
Dimensions 24 cm.
504 ## - BIBLIOGRAPHY, ETC. NOTE
Bibliography, etc. note Includes bibliographical references (p. 439-462) and indexes.
650 #0 - SUBJECT ADDED ENTRY--TOPICAL TERM
Topical term or geographic name entry element Household surveys
Geographic subdivision Developing countries
General subdivision Methodology.
651 #0 - SUBJECT ADDED ENTRY--GEOGRAPHIC NAME
Geographic name Developing countries
General subdivision Economic conditions
-- Econometric models.
856 42 - ELECTRONIC LOCATION AND ACCESS
Materials specified Publisher description
Uniform Resource Identifier <a href="http://www.loc.gov/catdir/description/jhu052/97002905.html">http://www.loc.gov/catdir/description/jhu052/97002905.html</a>
906 ## - LOCAL DATA ELEMENT F, LDF (RLIN)
a 7
b cbc
c orignew
d 1
e ocip
f 19
g y-gencatlg
942 ## - ADDED ENTRY ELEMENTS (KOHA)
Source of classification or shelving scheme
Koha item type Book
Holdings
Withdrawn status Lost status Source of classification or shelving scheme Damaged status Not for loan Collection code Permanent Location Current Location Shelving location Date acquired Total Checkouts Full call number Barcode Date last seen Price effective from Koha item type
            Central Library (CL) Central Library (CL) General Stacks 11/23/2016   339.4/07/23 DEA S3H-P-120 11/23/2016 11/23/2016 Book
            Central Library (CL) Central Library (CL) General Stacks 11/23/2016   339.4/07/23 DEA S3H-N-1394 11/23/2016 11/23/2016 Book
© 2023 Central Library, National University of Sciences and Technology. All Rights Reserved.